| 000 | 01000nam a22002537a 4500 | ||
|---|---|---|---|
| 005 | 20150204113450.0 | ||
| 008 | 031130s2011 bo a 000 0 spa | ||
| 020 | _a9789995470395 | ||
| 040 |
_aDLC _cDLC _dCo-BoIAVH |
||
| 041 | _aspa | ||
| 044 | _abo | ||
| 082 | 0 | 4 |
_a333.9541 _bE77r |
| 100 | 1 |
_aEspinoza-Antezana, Sophia K. _932566 |
|
| 245 | 1 | 0 |
_aReglas para la cacería en comunidades indígenas de la reserva de la biósfera y tierra comunitaria de origen Pilón Lajas : _bun análisis desde la economía experimental / _cSophia K. Espinoza Antezana. |
| 260 |
_aLa Paz: _bConservation Strategy Fund - CSF, _c2011. |
||
| 300 |
_a65 p : _bil., tblas ; _c25 cm. |
||
| 490 | 0 |
_aSerie académica ; _vNo. 5 |
|
| 504 | _aIncluye referencias bibliográficas (pag. 59-61) | ||
| 650 | 4 |
_aCaza _xregulación _932567 |
|
| 650 | 4 |
_aFauna silvestre _x Conservación _z Bolivia. _932568 |
|
| 662 |
_aBolivia _cReserva de a Biósfera. |
||
| 700 | 1 |
_aBehoteguy, Margarita, _eeditora. _932569 |
|
| 942 |
_2ddc _cLIBRO |
||
| 999 |
_c9045 _d9045 |
||